000 01756 a2200193 4500
003 Nust
005 20230307093357.0
040 _cNust
082 _a335.02,FUL
100 _aJ.F.C Fuller
_949175
245 _aThe decisive battles of the western world :
_band their influence upon history /
_cMajor General J.F.C Fuller
250 _aV-3
260 _aEyre & Spottis woode
_bLondon
_c1956
300 _axii,666, p.;
_billus
_c24 cm
505 _aThe Industrial Revolution and The Rise of American Imperialism (Page-1),The Seven Days Battle ,1862 (Page-12), Progress of the American Civil War, 1862-1863 (Page-48), The Siege of Vicks burg and the Battle of Chattanooga ,1863 (Page-53), The Expansion of Prussia (Page-90), The Battle of Sedan , 1870 (Page-99), The Rise of Japanese Imperialism and the Ex-Pension of Russia in the Far East (Page-136), The Siege of Port Arthur , 1904-1905 (Page-142), The Foundation of the First World War (Page-171), The Battles of the Marne and Tannenberg,1914 (Page-182), Tactical Stalemate and Change of Objectives (Page-229), The Battles of Sari Bair and Suvla Bay , 1915 (Page-233), Progress of the War , 1915-1918 (Page-265), The Struggle Between Italy and Austria (Page-300), The Russian Revolution (Page-331), The Rise of The Third Reich and the Origins of the Second World War(Page-364) The Battles for Moscow (Page-420), The Battle of Midway Island , 1942 (Page-460), The battles of El Alamein , 1942-and Tunis,1943 (Page-484), The Battle of Stalingrad, 1942-1943 (Page-524), The Battle of Normandy ,1944 (Page-553), The Battle for Leyte Gulf,1944 (Page-600).
600 _aJ.F.C Fuller
_949175
650 _aThe decisive battles of the western world and their influence upon history
_9109910
942 _cBK
_2ddc
999 _c185366
_d185366